01628cam a22003495a 4500003000900000005001700009008004100026020001500067020001800082040004500100043001200145082002200157245021500179264002900394300004600423336002600469337002800495338002700523504005100550520020500601650007200806650005400878650007000932651001001002653002501012655002401037700003401061700002801095942001201123999001501135952012801150EG-ScBUE20220511103516.0180829s1999 enka f b 001 0 eng d a0340706082 a9780340706084 aEG-ScBUEbengerdadEG-ScBUE cEG-ScBUE  ae-uk---04a427.941 bFOU22200aUrban voices :baccent studies in the British Isles /cedited by Paul Foulkes, Department of linguistics and phonetics, University of Leeds and Gerard J. Docherty, Department of Speech, University of Newcastle. 1aLondon :bArnold,c1999. axiii, 313 pages :billustrations ;c24 cm 2rdacontentatextbtxt 2rdamediaaunmediatedbn 2rdacarrieravolumebnc aIncludes bibliographical references and index. aSurveys the current state of accents in Britain, looking in detail at some fifteen, and introduces issues at the forefront of ongoing work in theoretical sociolinguistics and descriptive dialectology. 7aEnglish languagexAccents and accentuationzIrelandzDublin.2BUEsh 7aEnglish languagexDialectszGreat Britain.2BUEsh 7aEnglish languagexAccents and accentuationzGreat Britain.2BUEsh 2BUEsh bHHUUEENNcAugust2018 vReading book9342321 aDocherty, Gerard J.,eeditor.1 aFoulkes, Paul,eeditor. 2ddccBB c7420d7420 00102ddc40708AlahramaMAINbMAINc2NDd2008-01-23ePurchaseg127.20l0o427.941 FOUp000009021r2025-07-15 00:00:00yBB